LIBRARY & INFORMATION CENTRE, KCAET, TAVANUR

ONLINE PUBLIC ACCESS CATALOGUE (OPAC)

Soil Erosion and Sediment Yield Assessment of Kunthippuzha Sub-Watershed Using Swat and Rusle (Record no. 17733)

MARC details
000 -LEADER
fixed length control field 00507nam a22001577a 4500
003 - CONTROL NUMBER IDENTIFIER
control field OSt
082 ## - DEWEY DECIMAL CLASSIFICATION NUMBER
Classification number 631.56
Item number FAT/SO
088 ## - REPORT NUMBER
Report number T 594
100 ## - MAIN ENTRY--AUTHOR NAME
Personal name Fathima Farsana
245 ## - TITLE STATEMENT
Title Soil Erosion and Sediment Yield Assessment of Kunthippuzha Sub-Watershed Using Swat and Rusle
260 ## - PUBLICATION, DISTRIBUTION, ETC. (IMPRINT)
Place of publication Tavanur
Name of publisher Department of Irrigation and Drainage Engineering
Year of publication 2023
300 ## - PHYSICAL DESCRIPTION
Number of Pages 132
Accompanying material C D Included
700 ## - ADDED ENTRY--PERSONAL NAME
Personal name Anu Varughese
856 ## - ELECTRONIC LOCATION AND ACCESS
Uniform Resource Identifier http://14.139.181.140:8080/jspui/handle/123456789/1828
942 ## - ADDED ENTRY ELEMENTS (KOHA)
Koha item type Theses
Holdings
Collection code Home library Current library Full call number Accession Number Koha item type Public note
Reference KAUAET KAUAET 631.56 FAT/SO T 594 Theses M.Tech Thesis
free website counter